| 000 | 00457nam a2200121Ia 4500 | ||
|---|---|---|---|
| 008 | 231221s9999 xx 000 0 und d | ||
| 041 | _aEnglish | ||
| 082 | _aQPCSUG10-3806 | ||
| 245 | 0 | _aNetwork Management [e resource : question paper] : (SEE) BE Seventh sem, Aug - Dec 10 PESIT Autonomous (CS421) | |
| 260 |
_c2010/12 _bPESIT _aBangalore |
||
| 650 | _aNetwork,Management,[e,paper],(SEE),BE,Seventh,sem,,Aug,-,Dec,10,PESIT,Autonomous,(CS421) | ||
| 942 | _cDL | ||
| 999 |
_c212408 _d212408 |
||